| 000 | 00404nam a2200133Ia 4500 | ||
|---|---|---|---|
| 008 | 200518s9999||||xx |||||||||||||| ||und|| | ||
| 084 |
_a84(4Исп)-44 _bГ 20 _2NNA |
||
| 100 | _aГарсиа Маркес Г. | ||
| 245 | 0 | _aСто лет одиночества. Полковнику никто не пишет | |
| 260 |
_c1987 _aМ _bПравда |
||
| 300 | _a480 | ||
| 546 | _aОрос | ||
| 942 | _cBK | ||
| 999 |
_c257636 _d257693 |
||